000 00345 a2200157 4500
001 59611
020 _a9783785557433
040 _cAnchieta - Pituba
100 _aMeyer, Kai
240 1 0 _aDrache und diamant
_lpor
245 1 0 _aDrache und diamant
300 _a413
362 0 _a2007
650 4 _aLiteratura juvenil em alemão
942 _cBK
999 _c59611
_d59611